000 00266nam a22001217a 4500
082 _a621.815 BLA'M
100 _aADAMS, O. E,BLACK, P. H
_960206
245 _aMACHINE DESIGN
250 _a3RD
260 _aTOKYO
_bMCGRAW HILL
_c1968
300 _a678P
942 _cBK
999 _c569997
_d569997